000 00941cam a2200265 a 4500
001 4751482
005 19921030103101.4
008 850828s1985 txu b 000 0 eng
010 _a 85020352
020 _a0849904870 (pbk.) :
040 _aDLC
_cDLC
_dDLC
050 0 0 _aBJ1610
_b.L58 1985
082 0 0 _a248.843
_219
_bLIT
100 1 _aLittauer, Florence,
_d1928-
_99695
245 1 0 _aLives on the mend /
_cFlorence Littauer.
260 _aWaco, Tex. :
_bWord Books Publisher,
_cc1985.
300 _a257 p. ;
_c22 cm.
500 _aDonations.
500 _aDonated By: Sharzad Nur.
504 _aBibliography: p. 254-257.
650 0 _aWomen
_xConduct of life
_xCase studies.
_99696
650 0 _aChristian women
_xReligious life
_xCase studies.
_99697
942 _2ddc
_cBB
999 _c12994
_d12994